000 00309nam a2200109 a 4500
005 20140408090024.0
008 021121s19uu xx 00 eng d
050 _aPHS '00
_bId2 #16
100 _aIde, Natsuko Akaike
245 _aCoping skills and academic performance mainstreamed LRU students.
942 _cPASS
999 _c96318
_d96318